Functional end group determination in photo-degraded liquid rubbers (Record no. 59627)
[ view plain ]
| 000 -LEADER | |
|---|---|
| fixed length control field | 01037nam a2200217Ia 4500 |
| 100 ## - MAIN ENTRY--AUTHOR NAME | |
| Personal name | Solanky S S |
| 245 #0 - TITLE STATEMENT | |
| Title | Functional end group determination in photo-degraded liquid rubbers |
| 260 ## - PUBLICATION, DISTRIBUTION, ETC. (IMPRINT) | |
| Name of publisher | Journal of Rubber Research |
| Year of publication | 2003 |
| 300 ## - PHYSICAL DESCRIPTION | |
| Number of Pages | 11-Jan |
| 520 ## - SUMMARY, ETC. | |
| Summary, etc | The end functionality of the oligomers of natural rubber determined by acetylation methods and analysis by 1H-NMR using trifluoroacetic acid, titration of hydroperoxide determination method etc, is investigated. Attempts were made to estimate the end functionalised groups produced in the chain cleavage during hydrogen peroxide catalysed photo-oxidative degradation of high molecular weight natural rubber which was an initiation of producing liquid natural rubber. |
| 650 ## - SUBJECT ADDED ENTRY--TOPICAL TERM | |
| Topical Term | Acetylation |
| 650 ## - SUBJECT ADDED ENTRY--TOPICAL TERM | |
| Topical Term | End functionality |
| 650 ## - SUBJECT ADDED ENTRY--TOPICAL TERM | |
| Topical Term | Liquid natural rubber |
| 650 ## - SUBJECT ADDED ENTRY--TOPICAL TERM | |
| Topical Term | NMR spectroscopy |
| 650 ## - SUBJECT ADDED ENTRY--TOPICAL TERM | |
| Topical Term | Oligomers |
| 650 ## - SUBJECT ADDED ENTRY--TOPICAL TERM | |
| Topical Term | Photo-degraded |
| 650 ## - SUBJECT ADDED ENTRY--TOPICAL TERM | |
| Topical Term | Silylation |
| 700 ## - ADDED ENTRY--PERSONAL NAME | |
| Personal name | Singh R P |
| 942 ## - ADDED ENTRY ELEMENTS (KOHA) | |
| Koha item type | Journals |
| Withdrawn status | Lost status | Damaged status | Not for loan | Home library | Current library | Shelving location | Date acquired | Serial Enumeration / chronology | Koha item type |
|---|---|---|---|---|---|---|---|---|---|
| Journals | RRII Library | RRII Library | Rubber chemistry | 28/08/2003 | Volume 6, Issue 1 | Journals |